LEADER 01281nam1 22003131i 450 001 990004170230403321 005 20051228160901.0 035 $a000417023 035 $aFED01000417023 035 $a(Aleph)000417023FED01 035 $a000417023 100 $a19990604d1994----km-y0itay50------ba 101 0 $acat 105 $aa-------10-c- 200 1 $a<>CIUTAT en el món roma$eactes XIV Congrés Internacional d'Arqueologia Classica$d= <> ciudad en el mundo romano$eacta XIV Congreso Internacional de Arqueología Clásica, Tarragona, 5-11, 1993 210 $aTarragona$cComité organitzador del XIV C.I.A.C$cConsejo Superior de Investigaciones Científicas$cInstitut d'Estudis Catalans$d1994 215 $a2 v.$cill.$d29 cm 463 \1$1001990004170260403321$12001 $aPONENCIES 463 \1$1001990004170280403321$12001 $aCOMUNICACIONS 610 0 $aArcheologia classica CONGRESSI. 1993.$aCongressi$aTerragona$a1993 676 $a930.1$v21$zita 710 12$aCONGRÉS INTERNACIONAL D'ARQUEOLOGIA CLASSICA$d14$eTarragona$f1993$0386342 801 0$aIT$bUNINA$gRICA$2UNIMARC 901 $aBK 912 $a990004170230403321 952 $a930.1 CONV TERRAGONA (1-2)$bBibl.25432$fFLFBC 959 $aFLFBC 996 $aCIUTAT en el món roma$9485416 997 $aUNINA LEADER 01232nam a22002771i 4500 001 991001153409707536 005 20030227194007.0 008 021124s1982 it a||||||||||||||||ita 035 $ab12107207-39ule_inst 035 $aARCHE-019700$9ExL 040 $aDip.to Filologia Ling. e Lett.$bita$cA.t.i. Arché s.c.r.l. Pandora Sicilia s.r.l. 082 04$a792.2309 100 1 $aTaviani, Ferdinando$0198075 245 13$aIl segreto della Commedia dell'Arte :$bla memoria delle compagnie italiane del 16., 17. e 18. secolo /$cFerdinando Taviani, Mirella Schino 260 $aFirenze :$bLa casa Usher,$c1982 300 $a529 p. :$bill. ;$c22 cm 490 0 $aOggi del teatro ;$v4 500 $aNell'occhio: Centro per la sperimentazione e la ricerca teatrale di Pontedera. 650 4$aCommedia dell'arte$ySec. 16.-18. 700 1 $aSchino, Mirella$eauthor$4http://id.loc.gov/vocabulary/relators/aut$0172258 907 $a.b12107207$b28-04-17$c01-04-03 912 $a991001153409707536 945 $aLE008 Cr N I 82$g1$i2008000241605$lle008$o-$pE0.00$q-$rl$s- $t0$u4$v0$w4$x0$y.i12411784$z01-04-03 996 $aSegreto della commedia dell'arte$990514 997 $aUNISALENTO 998 $ale008$b01-04-03$cm$da $e-$fita$git $h3$i1